000 00310nam a22001337a 4500
008 170913b xxu||||| |||| 00| 0 eng d
020 _a9781133954132
041 _aeng
080 _29th
_a53
100 _a43
101 _aFIZ
245 _aPHYSICS FOR SCIENTISTS AND ENGINEERS
_cSERWAY.R.A
942 _2udc
_cBK
999 _c27398
_d27398